| 000 | 00606nam a2200205Ia 4500 | ||
|---|---|---|---|
| 001 | 16743 | ||
| 003 | GE_BSU | ||
| 008 | 181216s||||||||xx |||||||||||||| ||und|| | ||
| 040 | _cGE_BSU | ||
| 080 | _a821.353.1-1 | ||
| 100 | _aთევზაძე, ანდრო | ||
| 245 | _aლექსები | ||
| 245 | _cრედ.მ.ვარშანიძე. მხ.ალ. მესხი | ||
| 260 | _aბათუმი | ||
| 260 | _bაჭარის ასსრ სახელგამი | ||
| 260 | _c1953 | ||
| 300 | _a136გვ. ; 17სმ | ||
| 653 | _aლექსები | ||
| 942 | _cBK | ||
| 999 |
_c49808 _d49808 |
||